[Event "London Classic - FIDE Open"]
[Site "Olympia"]
[Date "2009.12.13"]
[Round "7"]
[White "Osborne, Marcus E"]
[Black "Milnes, Anthony C P"]
[Result "1-0"]
[WhiteElo "2232"]
[BlackElo "2064"]
[PlyCount "75"]
[EventDate "2009.??.??"]

1. d4 e6 2. c4 f5 3. e3 Nf6 4. Bd3 b6 5. Nc3 Bb7 6. f3 c5 7. d5 g6 8. e4 Bg7 9.
Bg5 h6 10. Bh4 g5 11. Bf2 fxe4 12. fxe4 e5 13. Nge2 d6 14. Ng3 Bc8 15. Nh5 Nxh5
16. Qxh5+ Kd7 17. Be2 Qe7 18. h4 Rf8 19. hxg5 hxg5 20. Be3 Bf6 21. Qg6 Rf7 22.
Bh5 Rg7 23. Bg4+ Kc7 24. Nb5+ Kb7 25. Bxc8+ Kxc8 26. Rh8+ Kb7 27. Qe8 Qd7 28.
Nxd6+ Ka6 29. Qc8+ Qxc8 30. Rxc8 Rd7 31. Nf5 Kb7 32. Rf8 Bd8 33. Rg8 Rh7 34.
O-O-O Nd7 35. Bxg5 Be7 36. Nxe7 Rxg8 37. Nxg8 Rg7 38. Nf6 1-0

[Event "London Classic - FIDE Open"]
[Site "Olympia"]
[Date "2009.12.13"]
[Round "7"]
[White "Remmler, Hans-Peter"]
[Black "Har-Even, Abir"]
[Result "0-1"]
[WhiteElo "2218"]
[BlackElo "2045"]
[PlyCount "128"]
[EventDate "2009.??.??"]

1. d4 f5 2. Nc3 d5 3. e4 dxe4 4. f3 e5 5. dxe5 Qxd1+ 6. Kxd1 Be6 7. fxe4 Nc6 8.
Nf3 O-O-O+ 9. Bd3 fxe4 10. Nxe4 Bg4 11. Bf4 Nge7 12. Ned2 Nd5 13. Bg5 Be7 14.
Bxe7 Ndxe7 15. h3 Bxf3+ 16. Nxf3 Ng6 17. Re1 Nf4 18. Kd2 Nb4 19. Re4 Nbxd3 20.
cxd3 Nxd3 21. Kc3 Nc5 22. Rg4 Rd7 23. Re1 Re8 24. Nd4 Ne6 25. Nxe6 Rxe6 26. Rd4
Rxd4 27. Kxd4 Kd7 28. Rf1 Ke7 29. Rc1 c6 30. Rc3 Kd7 31. Ra3 a6 32. Rb3 Kc7 33.
Ke4 Re7 34. Rf3 Kd7 35. Rf8 Ke6 36. Rh8 g6 37. h4 Rd7 38. Re8+ Kf7 39. Rb8 Ke6
40. a4 c5 41. Re8+ Kf7 42. Rc8 Rd4+ 43. Ke3 Rxh4 44. Rxc5 Ke6 45. Rc7 Rb4 46.
Rxh7 Kxe5 47. Re7+ Kf5 48. Rf7+ Kg4 49. Rf2 Rxa4 50. Rd2 b5 51. Kf2 g5 52. Re2
a5 53. g3 Rc4 54. b3 Rc3 55. Ra2 Rxb3 56. Rxa5 Rb2+ 57. Kg1 Kxg3 58. Ra3+ Kh4
59. Rd3 g4 60. Re3 b4 61. Rd3 Rc2 62. Rb3 Rc4 63. Rb2 Kg3 64. Rb3+ Rc3 0-1

[Event "London Classic - FIDE Open"]
[Site "Olympia"]
[Date "2009.12.13"]
[Round "7"]
[White "Bennion, David"]
[Black "Maduekwe, Chiedu"]
[Result "0-1"]
[WhiteElo "2025"]
[BlackElo "2182"]
[PlyCount "54"]
[EventDate "2009.??.??"]

1. d4 d5 2. c4 c6 3. Nc3 Nf6 4. Nf3 a6 5. Bf4 dxc4 6. a4 Nd5 7. Bg3 b5 8. e4
Nxc3 9. bxc3 e6 10. Ne5 Bb7 11. Qh5 Qe7 12. Be2 g6 13. Qf3 Bg7 14. Bh4 f6 15.
Ng4 O-O 16. e5 Nd7 17. Qe3 c5 18. exf6 Nxf6 19. Ne5 cxd4 20. cxd4 Bxg2 21. Rg1
Qb4+ 22. Kd1 Nd5 23. Qa3 Qxa3 24. Rxa3 Be4 25. Nd7 b4 26. Bxc4 bxa3 27. Nxf8
Kxf8 0-1

[Event "London Classic - FIDE Open"]
[Site "Olympia"]
[Date "2009.12.13"]
[Round "7"]
[White "Pedersen, Carsten"]
[Black "Phillips, Owen S"]
[Result "1-0"]
[WhiteElo "2155"]
[BlackElo "2003"]
[PlyCount "69"]
[EventDate "2009.??.??"]

1. e4 Nc6 2. Nc3 d6 3. d4 Nf6 4. h3 g6 5. Be3 Bg7 6. Qd2 e5 7. d5 Ne7 8. g4 h5
9. g5 Nh7 10. h4 a6 11. Bh3 Bxh3 12. Nxh3 Qd7 13. O-O-O b5 14. f3 O-O 15. Kb1
Rfc8 16. Nf2 Nf8 17. Ne2 c5 18. Rc1 a5 19. c4 b4 20. Nd3 Qb7 21. Qe1 Nd7 22. f4
a4 23. Rf1 exf4 24. Bxf4 Ne5 25. Bxe5 Bxe5 26. Nxe5 dxe5 27. Qf2 Rf8 28. Qxc5
a3 29. b3 Qd7 30. Qe3 Qg4 31. c5 Ra6 32. c6 Nc8 33. Rg1 Qxh4 34. Rh1 Qg4 35.
Rcg1 1-0

[Event "London Classic - FIDE Open"]
[Site "Olympia"]
[Date "2009.12.13"]
[Round "7"]
[White "Yeo, Michael J"]
[Black "Sagues, Vincent"]
[Result "1/2-1/2"]
[WhiteElo "2153"]
[BlackElo "1948"]
[PlyCount "44"]
[EventDate "2009.??.??"]

1. e4 e6 2. d4 d5 3. Nc3 Nf6 4. Bg5 dxe4 5. Nxe4 Nbd7 6. Nxf6+ Nxf6 7. Nf3 Be7
8. Bd3 O-O 9. Qe2 c5 10. dxc5 Qa5+ 11. c3 Qxc5 12. O-O Bd7 13. Ne5 Bc6 14. Nxc6
Qxc6 15. Rad1 Rfd8 16. Rfe1 Rac8 17. Bb5 Qc5 18. Be3 Qc7 19. Ba4 Nd5 20. Bd4
Bf6 21. Bxf6 Nxf6 22. Bb3 Qc5 1/2-1/2

[Event "London Classic - FIDE Open"]
[Site "Olympia"]
[Date "2009.12.13"]
[Round "7"]
[White "Krawczyk, Andrzej"]
[Black "Lenier, Jude"]
[Result "0-1"]
[WhiteElo "2152"]
[BlackElo "1828"]
[PlyCount "110"]
[EventDate "2009.??.??"]

1. e4 e5 2. Nf3 Nc6 3. Bc4 Bc5 4. c3 Nf6 5. d3 d6 6. Bb3 Bb6 7. O-O Bg4 8. Nbd2
O-O 9. h3 Be6 10. Bc2 d5 11. Qe2 Nh5 12. Rd1 Nf4 13. Qf1 Qd7 14. Kh2 h6 15. Ng1
g5 16. g3 Ng6 17. exd5 Bxd5 18. Nc4 f5 19. f4 exf4 20. gxf4 g4 21. Bb3 Bxg1+
22. Kxg1 Nh4 23. Kf2 Kh7 24. Ne3 g3+ 25. Kxg3 Qg7+ 26. Kf2 Bf3 27. Rd2 Rae8 28.
Re2 Bxe2 29. Kxe2 Ng2 30. Bd5 Nxe3 31. Bxe3 Nd4+ 32. Kd2 Rxe3 33. Kxe3 Nc2+ 34.
Kd2 Nxa1 35. Qxa1 c6 36. Bh1 Qg3 37. Qf1 Re8 38. Kc2 Re3 39. Bg2 Re1 40. Qf3
Qxf3 41. Bxf3 Rf1 42. Be2 Rxf4 43. Kd2 Rf2 44. b4 f4 45. Ke1 Rh2 46. a4 Kg6 47.
c4 Kg5 48. c5 Kh4 49. d4 Kg3 50. Bd3 Kf3 51. d5 cxd5 52. Kd1 Ke3 53. Bb5 Rb2
54. a5 Rxb4 55. Be8 f3 0-1

[Event "London Classic - FIDE Open"]
[Site "Olympia"]
[Date "2009.12.13"]
[Round "7"]
[White "Millward, Kevin P"]
[Black "Barton, R Alan"]
[Result "1/2-1/2"]
[WhiteElo "1942"]
[BlackElo "2119"]
[PlyCount "132"]
[EventDate "2009.??.??"]

1. e4 g6 2. d4 Bg7 3. Nf3 d6 4. Bd3 Nd7 5. Nbd2 e6 6. O-O Ne7 7. b3 O-O 8. Bb2
c5 9. c3 Qc7 10. Qc2 a6 11. Rfe1 b5 12. c4 Nc6 13. cxb5 Nb4 14. Qb1 Nxd3 15. b6
Nxb6 16. Qxd3 a5 17. Rac1 Qd7 18. Qc2 cxd4 19. Qc6 Qd8 20. Nxd4 Ba6 21. Qc7
Qxc7 22. Rxc7 Rfc8 23. Rec1 Rxc7 24. Rxc7 Rc8 25. Rxc8+ Bxc8 26. a4 Ba6 27.
N2f3 Bd3 28. Bc3 Bxe4 29. Bxa5 Nd5 30. Nd2 Bd3 31. Nb5 Be5 32. Nc4 Bc2 33. Nxe5
dxe5 34. b4 Bxa4 35. Nd6 Nc3 36. Kf1 Kf8 37. Bd8 e4 38. Ke1 f5 39. Kd2 Nb5 40.
Nb7 Nd4 41. Bf6 Nc6 42. Kc3 Nb8 43. Kc4 Bc6 44. Nd8 Bd5+ 45. Kd4 Nd7 46. Bg5
Ke8 47. f4 exf3 48. gxf3 h6 49. Nxe6 Bxe6 50. Bxh6 Kd8 51. Ke3 Kc7 52. Kf4 Kc6
53. Bg7 Kb5 54. Bc3 Bf7 55. Kg5 Be8 56. Kf4 Nb8 57. h4 Nc6 58. h5 gxh5 59. Kxf5
Nxb4 60. Bf6 Nd5 61. Bh4 Kc4 62. Ke5 Ne7 {en prise? scoresheet is very clear}
63. Kf6 Ng6 64. Bg5 Kd3 65. f4 Ke4 66. f5 Nf4 {etc} 1/2-1/2

[Event "London Classic - FIDE Open"]
[Site "Olympia"]
[Date "2009.12.13"]
[Round "7"]
[White "Shaw, Robin A"]
[Black "Gregory, Philip J"]
[Result "1-0"]
[WhiteElo "1822"]
[BlackElo "2110"]
[PlyCount "49"]
[EventDate "2009.??.??"]

1. e4 e5 2. Nf3 Nc6 3. d4 exd4 4. c3 dxc3 5. Nxc3 Bb4 6. Bc4 Bxc3+ 7. bxc3 d6
8. Bg5 Nge7 9. Nd4 O-O 10. O-O Qd7 11. h3 Ng6 12. Bb5 a6 13. Qa4 h6 14. Be3
Nge7 15. Nxc6 Nxc6 16. Be2 Qe7 17. f4 Re8 18. Bf3 Bf5 19. Rae1 Bxe4 20. Bf2 d5
21. Bxe4 dxe4 22. Re3 b5 23. Qb3 Na5 24. Qb4 c5 25. Qxa5 1-0

[Event "London Classic - FIDE Open"]
[Site "Olympia"]
[Date "2009.12.13"]
[Round "7"]
[White "Yekta, Alireza Shayesteh"]
[Black "Tozer, Philip"]
[Result "0-1"]
[WhiteElo "1762"]
[BlackElo "2106"]
[PlyCount "74"]
[EventDate "2009.??.??"]

1. d4 e6 2. e3 f5 3. f4 Nf6 4. Nf3 b6 5. Bd3 Bb7 6. O-O Be7 7. Qe2 O-O 8. b3 d6
9. Bc4 d5 10. Bd3 c5 11. Bb2 Ne4 12. Nbd2 Nd7 13. c4 Rc8 14. Rac1 Nd6 15. cxd5
exd5 16. Ne5 Ne4 17. Ndf3 Ndf6 18. Rc2 Qd6 19. Rfc1 Rc7 20. Ba3 Nd7 21. Bb5
Nxe5 22. Nxe5 Rfc8 23. Bd3 Bf6 24. Qh5 Qe6 25. Bxe4 dxe4 26. Qe2 g5 27. g3 gxf4
28. gxf4 Rg7+ 29. Kh1 cxd4 30. Rxc8+ Bxc8 31. exd4 Bxe5 32. dxe5 Bb7 33. Qe3
Qg6 34. Qg3 e3+ 35. Kg1 Qf7 36. Re1 Rxg3+ 37. hxg3 Qd5 0-1

[Event "London Classic - FIDE Open"]
[Site "Olympia"]
[Date "2009.12.13"]
[Round "7"]
[White "Ivens, Birger"]
[Black "Harari, Zaki"]
[Result "1/2-1/2"]
[WhiteElo "2052"]
[BlackElo "2218"]
[PlyCount "113"]
[EventDate "2009.??.??"]

1. e4 e6 2. d3 d5 3. Nd2 c5 4. c3 Nc6 5. Qc2 g6 6. g3 Bg7 7. Bg2 Nge7 8. Ne2
O-O 9. O-O b6 10. f4 Ba6 11. Rd1 Qc7 12. e5 Rad8 13. Nf3 f6 14. Qa4 Qc8 15. Bh3
Nf5 16. g4 Nfe7 17. exf6 Bxf6 18. Ng3 Bg7 19. Nh4 Rde8 20. f5 b5 21. Qc2 exf5
22. gxf5 Bf6 23. Nf3 Qc7 24. Bh6 Bg7 25. Bxg7 Kxg7 26. Qg2 Kh8 27. Ng5 Bc8 28.
Ne6 Bxe6 29. fxe6 Ne5 30. Qe2 Nf3+ 31. Kh1 Qd6 32. Rf1 Ng5 33. Bg2 Nxe6 34.
Rae1 Rxf1+ 35. Nxf1 Nf4 36. Qd2 Nxg2 37. Qxg2 Rf8 38. Ng3 Nc6 39. Qe2 Rf6 40.
Qe8+ Kg7 41. Rg1 Kh6 42. Qc8 Qe6 43. Qh8 Rf2 44. Rf1 Rxf1+ 45. Nxf1 Qf7 46. Kg2
Ne7 47. Ng3 Nf5 48. Qe5 Nxg3 49. hxg3 Qf5 50. Qe3+ g5 51. Qxc5 Qxd3 52. Qc6+
Kh5 53. Qe8+ Qg6 54. Qe2+ Kh6 55. Qxb5 Qe4+ 56. Kf2 Qf5+ 57. Kg2 1/2-1/2

[Event "London Classic - FIDE Open"]
[Site "Olympia"]
[Date "2009.12.13"]
[Round "7"]
[White "Hodgson, John H"]
[Black "Hayward, Alan"]
[Result "1-0"]
[WhiteElo "2189"]
[BlackElo "1986"]
[PlyCount "81"]
[EventDate "2009.??.??"]

1. e4 c5 2. Nf3 d6 3. d4 cxd4 4. Nxd4 Nf6 5. Nc3 g6 6. Be3 Bg7 7. f3 O-O 8. Qd2
Nc6 9. Bc4 Nxd4 10. Bxd4 Be6 11. Bb3 Qa5 12. O-O-O Bxb3 13. cxb3 Rfd8 14. Kb1
b5 15. Rhe1 b4 16. Nd5 e5 17. Be3 Nxd5 18. Qxd5 Qxd5 19. Rxd5 Bf8 20. Rc1 a6
21. Ra5 f5 22. Rc6 f4 23. Bf2 g5 24. h3 Kf7 25. a4 Ke8 26. Raxa6 Rxa6 27. Rxa6
Be7 28. Ra5 Kd7 29. Rb5 Kc6 30. Kc2 h5 31. Rb6+ Kd7 32. Rxb4 d5 33. Rb7+ Ke6
34. exd5+ Rxd5 35. b4 g4 36. hxg4 hxg4 37. a5 gxf3 38. gxf3 Rd8 39. Rxe7+ Kxe7
40. Bh4+ Kd7 41. Bxd8 1-0

[Event "London Classic - FIDE Open"]
[Site "Olympia"]
[Date "2009.12.13"]
[Round "7"]
[White "Almond, Richard J"]
[Black "Doran, Chris"]
[Result "0-1"]
[WhiteElo "2174"]
[BlackElo "1963"]
[PlyCount "74"]
[EventDate "2009.??.??"]

1. d4 Nf6 2. c4 g6 3. Nc3 Bg7 4. e4 d6 5. Nf3 O-O 6. Be2 e5 7. O-O Nc6 8. d5
Ne7 9. Ne1 Nd7 10. f3 f5 11. g4 Kh8 12. h4 a5 13. Nd3 b6 14. Kg2 Ng8 15. Rh1
Ngf6 16. Bd2 Nc5 17. Nf2 fxg4 18. fxg4 Qe8 19. Be3 Bd7 20. Bf3 Rc8 21. b3 Qf7
22. Be2 c6 23. a3 cxd5 24. cxd5 Ra8 25. Qc2 Rfc8 26. Qb2 a4 27. bxa4 Nxa4 28.
Nxa4 Rxa4 29. Raf1 Nxd5 30. exd5 Qxd5+ 31. Kg1 Bc6 32. Ne4 Qxe4 33. Rf3 Qxg4+
34. Kf2 Bxf3 35. Bxf3 Rf8 36. Qe2 e4 37. Rg1 Qxf3+ 0-1

[Event "London Classic - FIDE Open"]
[Site "Olympia"]
[Date "2009.12.13"]
[Round "7"]
[White "Quinn, John M"]
[Black "Bishop, Geoffrey L"]
[Result "1-0"]
[WhiteElo "2161"]
[BlackElo "1839"]
[PlyCount "97"]
[EventDate "2009.??.??"]

1. d4 Nf6 2. c4 g6 3. Nc3 Bg7 4. e4 O-O 5. e5 Ne8 6. f4 d6 7. Nf3 dxe5 8. fxe5
Bg4 9. Be3 c5 10. Be2 Nc6 11. d5 Bxf3 12. gxf3 Nxe5 13. Qd2 Nd6 14. b3 Qa5 15.
Rc1 Nf5 16. Bg5 Nd4 17. O-O Nf5 18. Kh1 h6 19. Bf4 Kh7 20. Bd1 Nd4 21. Qe3 Nf5
22. Qe4 Nd7 23. Bd2 Nf6 24. Qe1 Qa6 25. Bc2 e6 26. Bxf5 gxf5 27. Rg1 Rg8 28.
Qe3 Bf8 29. Qe5 Nd7 30. Qc7 Qd6 31. Qxb7 Rb8 32. Qxa7 Ne5 33. Rxg8 Kxg8 34. Bf4
Bg7 35. Rd1 Qf8 36. dxe6 fxe6 37. Rg1 Nc6 38. Qd7 Nd4 39. Bxb8 Nxf3 40. Rxg7+
Qxg7 41. Qxg7+ Kxg7 42. Bd6 Kf6 43. Kg2 Ne1+ 44. Kf2 Nd3+ 45. Ke3 Ne1 46. Bxc5
f4+ 47. Ke2 Ng2 48. a4 e5 49. a5 1-0

[Event "London Classic - FIDE Open"]
[Site "Olympia"]
[Date "2009.12.13"]
[Round "7"]
[White "Vachtfeidl, Petr"]
[Black "Roberts, David L"]
[Result "1-0"]
[WhiteElo "2019"]
[BlackElo "2119"]
[PlyCount "79"]
[EventDate "2009.??.??"]

1. e4 e5 2. Nf3 Nc6 3. Bb5 a6 4. Ba4 Nf6 5. O-O Nxe4 6. d4 b5 7. Bb3 d5 8. dxe5
Be6 9. Nbd2 Nc5 10. c3 Be7 11. Bc2 Bg4 12. Re1 Qd7 13. Nf1 Rd8 14. b4 Ne6 15.
Ne3 Nxe5 16. Nxg4 Nxg4 17. Bf5 h5 18. h3 Nh6 19. Ne5 Nxf5 20. Nxd7 Rxd7 21. Re5
g6 22. Rxd5 Bd6 23. a4 O-O 24. axb5 axb5 25. Qf3 Re8 26. Bd2 Ne7 27. Rxb5 c6
28. Rba5 Bb8 29. Bh6 Red8 30. g3 Rd3 31. Qe2 R3d7 32. h4 Nd5 33. Qf3 Be5 34.
Ra8 Bxc3 35. Rxd8+ Nxd8 36. Rb1 Ne6 37. Qe4 Kh7 38. Be3 Bg7 39. Qc4 Nc3 40. Rc1
1-0

[Event "London Classic - FIDE Open"]
[Site "Olympia"]
[Date "2009.12.13"]
[Round "7"]
[White "Odeh, Kenneth"]
[Black "Sara, Valerio"]
[Result "0-1"]
[WhiteElo "2001"]
[BlackElo "2072"]
[PlyCount "102"]
[EventDate "2009.??.??"]

1. e4 c5 2. Nc3 Nc6 3. g3 g6 4. Bg2 Bg7 5. d3 d6 6. Nge2 e6 7. O-O Nge7 8. Be3
Nd4 9. Qd2 Rb8 10. Nc1 b5 11. Nd1 b4 12. Nb3 O-O 13. Nxd4 cxd4 14. Bh6 a5 15.
Bxg7 Kxg7 16. f4 Bd7 17. g4 f5 18. g5 Qc7 19. c4 bxc3 20. bxc3 dxc3 21. Nxc3
Qb6+ 22. Kh1 Qb2 23. Rad1 Rfc8 24. Qxb2 Rxb2 25. Rb1 Rxb1 26. Nxb1 Rc2 27. exf5
Nxf5 28. Be4 Ne3 29. d4 Rxa2 30. Rc1 Rf2 31. Re1 Rf1+ 32. Rxf1 Nxf1 33. Kg2
Ne3+ 34. Kf3 Nf5 35. d5 exd5 36. Bxd5 Ne7 37. Ba2 Bc6+ 38. Ke3 Bd5 39. Bxd5
Nxd5+ 40. Ke4 Ne7 41. Nd2 a4 42. Kd4 Kf7 43. Ne4 Ke6 44. Nf6 Kf5 45. Nxh7 Kxf4
46. Kc4 d5+ 47. Kb4 d4 48. Kxa4 d3 49. Kb3 Ke3 50. Nf6 d2 51. Ng4+ Ke2 0-1

[Event "London Classic - FIDE Open"]
[Site "Olympia"]
[Date "2009.12.13"]
[Round "7"]
[White "Valentine, Brian J"]
[Black "Bass, John W"]
[Result "1/2-1/2"]
[WhiteElo "1978"]
[BlackElo "2068"]
[PlyCount "65"]
[EventDate "2009.??.??"]

1. e4 c5 2. Nc3 e6 3. Nf3 a6 4. d4 cxd4 5. Nxd4 Qc7 6. Bd3 Nc6 7. Nb3 Nf6 8.
O-O b5 9. Kh1 Bb7 10. f4 d6 11. Qf3 Be7 12. Bd2 O-O 13. Ne2 e5 14. c3 Rad8 15.
Rad1 Rfe8 16. Bb1 Bf8 17. Ng3 exf4 18. Nh5 Nxh5 19. Qxh5 g6 20. Qh4 Ne5 21.
Bxf4 Bg7 22. Nd2 Qd7 23. h3 d5 24. exd5 f5 25. Bc2 Nf7 26. Nf3 Qe7 27. Qxe7
Rxe7 28. d6 Re2 29. Bb3 Kf8 30. Rfe1 Bxf3 31. gxf3 Rxe1+ 32. Rxe1 Nxd6 33. Rd1
1/2-1/2

[Event "London Classic - FIDE Open"]
[Site "Olympia"]
[Date "2009.12.13"]
[Round "7"]
[White "Cannon, Raymond C"]
[Black "Chidi, Lovina Sylvia"]
[Result "1-0"]
[WhiteElo "2067"]
[BlackElo "1819"]
[PlyCount "55"]
[EventDate "2009.??.??"]

1. e4 c5 2. Nc3 d6 3. Nf3 Nf6 4. e5 dxe5 5. Nxe5 e6 6. Bb5+ Bd7 7. Nxd7 Nbxd7
8. d4 a6 9. Be2 cxd4 10. Qxd4 Bc5 11. Qh4 Qb6 12. O-O Qc7 13. Bg5 h6 14. Rad1
O-O-O 15. Bf4 e5 16. Bg3 g5 17. Qa4 h5 18. h4 g4 19. b4 Nb6 20. Qa5 Bd6 21.
Rxd6 Qxd6 22. Bxe5 Qc6 23. b5 Qe6 24. bxa6 Nfd5 25. axb7+ Kxb7 26. Ba6+ Ka7 27.
Bb5+ Kb7 28. Qa6# 1-0

[Event "London Classic - FIDE Open"]
[Site "Olympia"]
[Date "2009.12.13"]
[Round "7"]
[White "Green, Conrad Eliot"]
[Black "Cutmore, David A"]
[Result "1-0"]
[WhiteElo "1650"]
[BlackElo "2054"]
[PlyCount "121"]
[EventDate "2009.??.??"]

1. d4 Nf6 2. c4 d6 3. Nc3 Bf5 4. Nf3 g6 5. b3 Bg7 6. Bb2 O-O 7. Nh4 Bd7 8. g3
e5 9. dxe5 dxe5 10. Bg2 Nc6 11. O-O Re8 12. e4 Nh5 13. Ne2 Qe7 14. Qc2 Rad8 15.
Rad1 Bg4 16. f3 Bc8 17. f4 Nb4 18. Ba3 Nxc2 19. Bxe7 Rxd1 20. Rxd1 Bg4 21. Bc5
exf4 22. Rd2 Bxe2 23. Rxc2 Bg4 24. h3 Be6 25. g4 Ng3 26. e5 b6 27. Bd4 Rd8 28.
Nf3 c5 29. Bb2 Rd1+ 30. Kh2 Nf1+ 31. Bxf1 Rxf1 32. Kg2 Rd1 33. Rd2 Rxd2+ 34.
Nxd2 Bd7 35. Kf2 Bc6 36. Nf3 h6 37. h4 Be4 38. Nd2 Bc2 39. g5 hxg5 40. hxg5 Bd1
41. Nf3 Kf8 42. Bc1 Bxf3 43. Kxf3 Bxe5 44. Bxf4 Bxf4 45. Kxf4 Ke8 46. Ke4 Kd7
47. Kd5 Ke8 48. Ke4 Ke7 49. Ke5 Ke8 50. Ke4 f6 51. gxf6 Kf7 52. Ke5 g5 53. Kf5
g4 54. Kxg4 Kxf6 55. Kf4 Ke6 56. Ke4 Kd6 57. a3 a6 58. a4 Kc6 59. Ke5 b5 60. a5
bxc4 61. bxc4 1-0

[Event "London Classic - FIDE Open"]
[Site "Olympia"]
[Date "2009.12.13"]
[Round "7"]
[White "Phillips, William"]
[Black "Regan, Natasha K"]
[Result "0-1"]
[WhiteElo "1998"]
[BlackElo "2170"]
[PlyCount "89"]
[EventDate "2009.??.??"]

1. e4 Nf6 2. e5 Nd5 3. d4 d6 4. Nf3 dxe5 5. Nxe5 c6 6. c4 Nb4 7. a3 Qxd4 8.
axb4 Qxe5+ 9. Be2 Bg4 10. f3 Bf5 11. Nc3 e6 12. c5 Be7 13. O-O O-O 14. f4 Qf6
15. Be3 Rd8 16. Qe1 Qg6 17. Rf3 Bd3 18. Bf2 Bxe2 19. Qxe2 Rd7 20. Rd1 Rxd1+ 21.
Qxd1 f5 22. Rg3 Qf7 23. Re3 Na6 24. Rd3 Qe8 25. Qb3 Bf6 26. g4 fxg4 27. f5 Nc7
28. Ne4 Nd5 29. Nd6 Qe7 30. fxe6 Qxe6 31. Re3 Qd7 32. Re4 Rf8 33. b5 Be7 34.
Bg3 Bxd6 35. Bxd6 Qf5 36. Rf4 Qb1+ 37. Kg2 Re8 38. Rf2 Qe4+ 39. Kg3 h5 40. bxc6
bxc6 41. Qb7 Qd3+ 42. Kh4 Qh3+ 43. Kg5 Qe3+ 44. Kg6 Re6+ 45. Kf5 {45. ... Rf6#}
0-1

[Event "London Classic - FIDE Open"]
[Site "Olympia"]
[Date "2009.12.13"]
[Round "7"]
[White "Cork, David J"]
[Black "Posylek, Caesar Cezary"]
[Result "1-0"]
[WhiteElo "1882"]
[BlackElo "1708"]
[PlyCount "45"]
[EventDate "2009.??.??"]

1. e4 c5 2. Nf3 d6 3. d4 cxd4 4. Nxd4 Nc6 5. Nc3 a6 6. Be3 g6 7. f3 Bg7 8. Qd2
Bd7 9. O-O-O b5 10. g4 Qc7 11. h4 Rc8 12. Nd5 Qb8 13. h5 e5 14. Nxc6 Rxc6 15.
hxg6 hxg6 16. Rxh8 Bxh8 17. Nb4 Rc8 18. Nxa6 Qb7 19. Qxd6 Qc6 20. Qxc6 Bxc6 21.
Nb4 Bd7 22. Nd5 Ne7 23. Nb6 1-0

[Event "London Classic - FIDE Open"]
[Site "Olympia"]
[Date "2009.12.13"]
[Round "7"]
[White "Andrews, J Garth"]
[Black "Sabin, Frank"]
[Result "0-1"]
[WhiteElo "1650"]
[BlackElo "1690"]
[PlyCount "46"]
[EventDate "2009.??.??"]

1. d4 Nf6 2. Nf3 d5 3. e3 Bg4 4. Bd3 e6 5. Nbd2 c5 6. c3 Nc6 7. Qa4 a6 8. dxc5
Bxc5 9. Qc2 e5 10. Bf5 O-O 11. h3 Bxf5 12. Qxf5 e4 13. Nd4 Ne7 14. Qg5 h6 15.
Qg3 Bd6 16. f4 exf3 17. Qxf3 Re8 18. O-O Bc7 19. Nf5 Nxf5 20. Qxf5 Rxe3 21. Nf3
Re2 22. Bd2 Qd6 23. Rad1 Qg3 0-1